Duolingo Languages - Flags. - Statistics

General Stats
  • This quiz has been taken 83 times
    81 since last reset
  • The average score is 29 of 40
Answer Stats
Picture Answer % Correct
Spanish
94%
English
93%
German
91%
Italian
91%
French
90%
Russian
88%
Chinese
87%
Korean
87%
Japanese
85%
Irish
84%
Polish
82%
Turkish
82%
Greek
81%
Portuguese
81%
Swedish
81%
Ukrainian
79%
Danish
78%
Dutch
78%
Arabic
76%
Norwegian
76%
Welsh
76%
Vietnamese
75%
Czech
73%
Hindi
73%
Hungarian
72%
Finnish
70%
Hebrew
70%
Indonesian
70%
Romanian
70%
Scottish Gaelic
67%
Hawaiian
64%
Esperanto
60%
Swahili
60%
Zulu
58%
Haitian Creole
57%
Latin
54%
Klingon
51%
Yiddish
49%
Navajo
48%
High Valyrian
37%
No matching quizzes found
Score Distribution
Percent of People with Each Score
Percentile by Number Answered
Your Score History
You have not taken this quiz since the last reset